00778nam a2200193 a 450000100100000000500170001000800410002704000250006808200150009310000280010824500710013626001410020730000270034849000310037583000390040604900090044595201130045499900170056700003044020200930062320.0110517s1972 dr a 000 | spa d aDO-SdBNPbspacBNPHU axxxbW784c1 aWinter, Lloyd C.95536010aConque, ¿usted quiere ser un velocista? /cLloyd C. "Bud" Winter. aSanto Domingo :bSecretaria de Estado de Educación, Bellas Artes y Cultos. Dirección General de Educación Física Escolar,c1972. a60 p. :bil. ;c18 cm.1 a¿Usted quiere ser...?v13 0a¿Usted quiere ser...?;v13957076 aBNPD 0010718PDaPDbPDcCTd2011-05-17iLF1l0oxxx W784cp30440-10r2020-06-25w2020-06-25yLFPDZNo se presta c29932d29932